000 01339cam a2200373 4500
999 _c24128
_d24128
001 vtls012287823
005 20260107134404.0
008 251121s2025 xo g 000 f slo
020 _a9788057500667
_q(viazané)
040 _aSNK
_bslo
_cSNK
_erda
041 1 _aslo
_hger
044 _axo
_cSK
072 7 _a821.112.2
_xNemecká literatúra, nemecky písaná
_2konspekt
080 _a821.112.2-32
_22011
100 1 _aMann, Thomas,
_d1875-1955
_4aut
_95395
240 1 4 _aDer Tod in Venedig
_lSlovensky
245 1 0 _aSmrť v Benátkach
_cThomas Mann ; z nemeckého originálu Der Tod in Venedig ... preložil a doslov napísal Andrej Záhorák
250 _aVydanie prvé
264 1 _aBratislava
_bIkar a.s. - ODEON
_c2025
300 _a91 strán
_c21 cm
336 _atext
_btxt
_2rdacontent
337 _abez média
_bn
_2rdamedia
338 _azväzok
_bnc
_2rdacarrier
490 1 _aSvetová klasika ODEON
500 _aObsahuje stručné profesijné údaje o autorovi na zadnej strane obálky publikácie
655 7 _anemecké novely
_2SNKPH
_95396
655 7 _aGerman novellas
_2SNKPHeng
_95397
700 1 _aZahorák, Andrej,
_d1990-
_4trl
_4aft
_92616
700 1 _aMelicher, Marcel
_4edt
_95398
700 1 _aNosáľ, Peter
_4bjd
_4bkd
_95399
958 _aLX
958 _aUP